Journal of international education in business

Bibliographic Details
Format: Electronic Journal
Language:English
Published: Bingley, England : Emerald Group Publishing, 2008-
Subjects:
Online Access:Full text available from Research Library: 01/01/2008 to 1 year ago

MARC

LEADER 00000nas a2200000 i 4500
001 ssj0001073586
003 WaSeSS
005 20200512172242.0
006 m d
007 cr n
008 131220c20089999enkf| p|s|||||| |0eng d
022 |a 1836-3261  |l 2046-469X 
035 |a (WaSeSS)ssj0001073586 
040 |a WaSeSS  |b eng  |c WaSeSS  |d WaSeSS 
050 1 4 |a HF1101 
222 0 |a Journal of international education in business 
245 0 0 |a Journal of international education in business  |h [electronic resource]. 
260 |a Bingley, England :  |b Emerald Group Publishing,  |c 2008- 
310 |a Semiannual 
362 1 |a Began with Volume 1, Number 1 (2008). 
506 |a License restrictions may limit access. 
588 |a Description based on: Volume 1, Number 1 (2008); title from article pdf (ProQuest, viewed Dec. 20, 2013). 
588 |a Latest issue consulted: Volume 6, Number 2 (2013) (viewed Dec. 20, 2013). 
650 0 |a Business education  |v Periodicals. 
650 0 |a Foreign study  |v Periodicals. 
655 0 |a Electronic journals. 
776 0 8 |i Print version:  |t Journal of international education in business  |x 2046-469X 
856 4 0 |z Full text available from Research Library: 01/01/2008 to 1 year ago  |u https://search.proquest.com/publication/1386337